| 000 | 00652nam a22002057a 4500 | ||
|---|---|---|---|
| 003 | KOHA_MİRAKIL | ||
| 005 | 20260324105517.0 | ||
| 008 | 260324b tu ||||| |||| 00| 0 tur d | ||
| 020 | _a9789754069396 | ||
| 040 |
_aTR-AnABB _btur _cTR-AnABB |
||
| 041 | _atur | ||
| 082 |
_a891.733 _bÇEH 2016 |
||
| 100 | _aÇehov, Anton Pavloviç, 1860-1904 | ||
| 245 | 1 | 0 |
_aSeçilmiş hikayeler / _cAnton Çehov ; Türkçesi : Nuri Yıldırım |
| 260 |
_aİstanbul : _bCem Yayınevi , _c2016 |
||
| 300 |
_a722 sayfa : _c20 cm |
||
| 650 | 0 | 0 | _aRus edebiyatı, roman |
| 700 | 1 |
_aYıldırım, Nuri, _eçeviren : Nuri Yıldırım _93080 |
|
| 942 |
_2ddc _cBK |
||
| 999 |
_c10000 _d10000 |
||
| 900 | _bCem ÖZOGLU | ||